Non oso, madame /

সংরক্ষণ করুন:
গ্রন্থ-পঞ্জীর বিবরন
প্রধান লেখক: Copi (লেখক)
বিন্যাস: গ্রন্থ
ভাষা:ইতালিয়
প্রকাশিত: Milano : Milano libri, 1973
ট্যাগগুলো: ট্যাগ যুক্ত করুন
কোনো ট্যাগ নেই, প্রথমজন হিসাবে ট্যাগ করুন!

MARC

LEADER 00000nam a22000001i 4500
001 IT\ICCU\SBL\0596994
003 ItRI
005 20260223114159.0
008 910930s1973 it |||||| ||||| |||||c
015 |2 IT  |a 746724 
040 |b ita  |c Arcigay Rimini 
041 7 |a ita  |2 ISO-639-2 
082 |a 741.5  |2 17 
082 |a 741.5  |2 18 
100 0 |a Copi  |0 IT\ICCU\CFIV\080182  |4 aut 
245 1 0 |a Non oso, madame /  |c Copi. 
260 |a Milano :  |b Milano libri,  |c 1973 
300 |a 192 p. :  |b ill. ;  |c 21 cm . 
942 |2 ddc  |c BK 
952 |0 0  |1 0  |2 ddc  |4 0  |6 741_500000000000000_COP_OSE  |7 1  |9 1517  |a RN  |b RN  |d 2024-06-27  |l 0  |o 741.5 COP OSE  |p 9267  |r 2024-06-27 22:01:46  |w 2024-06-27  |y BK 
952 |0 0  |1 0  |4 0  |6 F_741_594000000000000_COP  |7 0  |9 25765  |a BO  |b BO  |d 2026-01-15  |i 20953  |l 0  |o F 741.594 COP  |p BO20953  |r 2026-01-15 23:24:34  |w 2026-01-15  |x [Sebina 7] [1 v.]  |y BK  |z 1 v. 
999 |c 1335  |d 1335